Library of the University of Algiers 3
Ibrahim Sultan Cheibout
شعار جامعة الجزائر 3
مكتبة جامعة الجزائر 3
إبراهيم سلطان شيبوط

تسيير المؤسسات / (رقم التسجيلة. 46295)

تفاصيل مارك
000 -LEADER
fixed length control field 01207nam a2200253Ia 4500
003 - CONTROL NUMBER IDENTIFIER
control field Ost
005 - DATE AND TIME OF LATEST TRANSACTION
control field 20260507075802.0
008 - FIXED-LENGTH DATA ELEMENTS--GENERAL INFORMATION
fixed length control field 260507s9999||||xx |||||||||||||| ||und||
020 ## - INTERNATIONAL STANDARD BOOK NUMBER
International Standard Book Number 9789961673416
040 ## - CATALOGING SOURCE
Transcribing agency fsecg
041 ## - LANGUAGE CODE
Language code of text/sound track or separate title ara
082 ## - DEWEY DECIMAL CLASSIFICATION NUMBER
Classification number 658
100 ## - MAIN ENTRY--PERSONAL NAME
Personal name حروش، رفيقة
Relator term مؤلف
245 #0 - TITLE STATEMENT
Title تسيير المؤسسات /
Statement of responsibility, etc. رفيقة حروش
260 ## - PUBLICATION, DISTRIBUTION, ETC.
Place of publication, distribution, etc. الجزائر :
Name of publisher, distributor, etc. دار الأمة ,
Date of publication, distribution, etc. 2021
300 ## - PHYSICAL DESCRIPTION
Extent 257 صفحة؛
Other physical details إيضاحات ؛
Dimensions 24 سم
504 ## - BIBLIOGRAPHY, ETC. NOTE
Bibliography, etc. note بيبليوغرافيا: ص ص.249-254
520 ## - SUMMARY, ETC.
Summary, etc. يضم مدخل إلى تحليل المؤسسة الاقتصادية، محيط بيئة المؤسسة، الاطار المفاهيمي للتسير، تطور الفكر الإداري، وظائف التسيير منا التخطيط والتخطيط الإستراتيجي، التنظيم والهياكل التنظيمية، التوجيه، الرقابة، إتخاذ القرار، ثقافة المؤسسة.
653 ## - INDEX TERM--UNCONTROLLED
Uncontrolled term إدارة الأعمال
653 ## - INDEX TERM--UNCONTROLLED
Uncontrolled term التخطيط الاستراتيجي
653 ## - INDEX TERM--UNCONTROLLED
Uncontrolled term المؤسسات التجارية
700 ## - ADDED ENTRY--PERSONAL NAME
Personal name كنار، بهية
Relator term مؤلف ثانوي
942 ## - ADDED ENTRY ELEMENTS (KOHA)
Koha item type كتب
المقتنيات
Withdrawn status Lost status Source of classification or shelving scheme Damaged status Not for loan Home library Current library Date acquired Serial enumeration / chronology Inventory number Total checkouts Full call number Barcode Date last seen Price effective from Koha item type
    Library of Congress Classification   NOT LOAN / إعارة داخلية مكتبة كلية العلوم الإقتصادية والعلوم التجارية وعلوم التسيير مكتبة كلية العلوم الإقتصادية والعلوم التجارية وعلوم التسيير 07/05/2026 الطابق الأرضي 025.21/555   498/025.21ن01 025.21/555 07/05/2026 07/05/2026 كتب
    Dewey Decimal Classification   Available مكتبة كلية العلوم الإقتصادية والعلوم التجارية وعلوم التسيير مكتبة كلية العلوم الإقتصادية والعلوم التجارية وعلوم التسيير 07/05/2026 الطابق الأرضي 025.21/556   498/025.21ن02 025.21/556 07/05/2026 07/05/2026 كتب

موارد الويب المفتوحة


© University of Algiers 3 All Rights Reserved
|
Implemented by LECHELAH Riad